00489cam a22001217a 4500008004000000082001500040245010800055260005000163300001000213700004000223999001900263952008500282180718b1957 xxu||||| |||| 00| 0 eng d aK32x42 Un3 aAppointment in her majesty's overseas civil service : and othercby The Colonial Office, United Kingdom aLondonbHer Majesty's Stationery Officec1957 a83+p. aUnited Kingdom. The Colonial Office c428723d428723 00104070aIIPAbIIPAd2009-12-16oK32x42 Un3p7840r2018-07-21w2018-07-21yBK